| 000 | 00623nam a22001937a 4500 | ||
|---|---|---|---|
| 003 | 0 | ||
| 005 | 20250912091634.0 | ||
| 008 | 250912b xxu||||| |||| 00| 0 eng d | ||
| 020 | _a978-1-77469-104-5 | ||
| 050 |
_aTK 7882.B56 _b.M33 2022 |
||
| 245 |
_aMachine learning and biometrics / _cedited by Adele Kuzmiakova. |
||
| 260 |
_aCanada : _bArcler Press, _c2022. |
||
| 300 |
_axxii, 222 pages : _bcolored illustrations ; _c24 cm. |
||
| 504 | _aIncludes bibliographical references and index. | ||
| 650 | _aBiometrics (Science). | ||
| 650 | _aMachine learning. | ||
| 650 | _aPattern recognition systems. | ||
| 942 |
_2lcc _cBK |
||
| 999 |
_c367915 _d367915 |
||